1033 1754 1673 1594 1493 1311 1321 1531 1795 1726 1002 1705 1449 1750 1605 1299 1550 1947 1660 1390 1645 1168 1752 1156 1211 1408 1050 1336 1412 1388 1383 1656 1740 1155 1142 1552 1247 1754 1420 1545 1793 1846 1065 1342 1268 1495 1416 1584 1753 1554 1285 1682 1827 1531 1345 1879 1028 1982 1907 1571 1052 1826 1217 1624 1148 1866 1284 1966 1983 1358 1573 1465 1961 1695 1770 1042 1332 1290 1278 1521 1091 1861 1934 1486 1323 1242 1080 1497 1154 1909 1457 1746 1820 1339 1949 1524 1245 1416 1211 BCNSPRNW ULIB Ver.6.0+V

เปลี่ยนเป็นภาษาไทย

Change to English
 แสดงรายละเอียดบรรณานุกรม
  กลับหน้าหลัก

Brief Record : Get Marc (ISO 2709) : E-mail record : QR code < ปิดหน้าต่าง
LEADER : 00000nam 2200000uu 4500
001    13399120635
003     ULIB
008    020711s2549 th a 000 0 tha d
020    9789749497289
020    9749497287
050  4 ^aAC158^bม867ป
100    แมททิว เรมอนด์ โคล
245    เอ็กโพลซายน์ = ^b Exoplore science ตอน Eart&Space/ ^c แมททิว เรมอนด์ โคล ; เชิญโชค ศรขวัญ, บรรณาธิการ
260    กรุงเทพฯ :^bเพียร์สัน เอ็ดดูเคชั่น อินโดไชน่า,^c2549
300    107 หน้า
650    วิทยาศาสตร์^xโลก
650    โลก
700    เชิญโชค ศรขวัญ,^eบรรณาธิการ
945    ^p500^l0^i17782
999    ^aทศพร เกษรทอง
รายการนี้ยังไม่มีแท็ก
คุณยังไม่ได้ล็อกอิน คุณสามารถมีกิจกรรมร่วมกับเว็บไซต์ได้ แต่ต้องล็อกอินก่อน ::
  ล็อกอิน

รายการสื่อสารสนเทศ

ลำดับที่ ประเภท เลขเรียก/บาร์โค้ด สถานที่ สถานะ
1. วิทยาศาสตร์การแพทย์ และสุขภาพ
วิทยาศาสตร์การแพทย์ และสุขภาพ
AC158 ม867ป  
  Barcode: 17782
ห้องสมุดวิทยาเขตสวรรค์ประชารักษ์
►หนังสือทั่วไป
บนชั้น

รายการใกล้เคียง
    ผู้แต่ง [แมททิว เรมอนด์ โคล]

    หัวเรื่อง [โลก]

BibComment


ยังไม่เคยถูกคอมเมนท์

คอมเมนท์ทรัพยากรรายการนี้
  คอมเมนท์: เอ็กโพลซายน์ E..


 Copyright 2026. Bcnsprnw @Library